2022 AFL Premiership Team - Statistics

General Stats
  • This quiz has been taken 91 times
  • The average score is 19 of 25
Answer Stats
Hint Answer % Correct
Team Geelong
98%
Centre Half Forward Jeremy Cameron
94%
Full Forward Tom Hawkins
94%
Centre Joel Selwood
92%
Centre Half Back Tom Stewart
92%
Coach Chris Scott
88%
Ruck Rover Patrick Dangerfield
86%
Half Forward Flank Isaac Smith
84%
Ruck Rhys Stanley
82%
Forward Pocket Tyson Stengle
82%
Rover Cameron Guthrie
78%
Full Back Sam De Koning
78%
Interchange Zach Guthrie
76%
Interchange Gryan Miers
71%
Half Back Flank Mitch Duncan
71%
Wing Zach Tuohy
71%
Medi-Sub Brandan Parfitt
69%
Half Back Flank Jack Henry
69%
Half Forward Flank Brad Close
67%
Wing Mark Blicavs
67%
Forward Pocket Gary Rohan
63%
Back Pocket Jake Kolodjashnij
63%
Back Pocket Jed Bews
63%
Interchange Tom Atkins
61%
Interchange Mark O’Connor
47%
No matching quizzes found
Score Distribution
Percent of People with Each Score
Percentile by Number Answered
Your Score History
You have not taken this quiz